| 000 | 00592nam a2200181Ia 4500 | ||
|---|---|---|---|
| 008 | 100921s9999 xx 000 0 und d | ||
| 082 |
_b8701 _a820 थ 37 |
||
| 100 | _aArnot Page. | ||
| 245 | _aA Short History Of The Russian Revolution. | ||
| 260 |
_bविक्टर गोलँग्ज,लंडन. _c1937 |
||
| 300 |
_a95 _b--- |
||
| 365 | _b0 | ||
| 520 | _aललित इंग्रजी. | ||
| 630 | _aA Short History Of The Russian Revolution. | ||
| 650 | _aललित इंग्रजी. | ||
| 730 | _aA Short History Of The Russian Revolution. | ||
| 942 | _cBOOK | ||
| 999 |
_c757814 _d757811 |
||